Property and pecuniary insurances

Gespeichert in:
Bibliographische Detailangaben
1. Verfasser: Hall, Ch.E
Format: Buch
Sprache:Englisch
Veröffentlicht: London Chartered Insurance Institute 1985
Ausgabe:1. ed.
Schlagworte:
Tags: Tag hinzufügen
Keine Tags, Fügen Sie das erste Tag hinzu!

MARC

LEADER 00000nam a2200000 4500
001 c001759
005 20221220081530.4
020 |a 0-907323-50-2 
041 0 |a eng 
044 |a GB 
245 1 0 |a Property and pecuniary insurances  |c Ch.E. Hall 
250 |a 1. ed. 
264 1 |a London  |b Chartered Insurance Institute  |c 1985 
300 |a Prer. s. 
610 2 0 |a poistenie majetku 
610 2 0 |a poistenie 
610 2 0 |a peniaze 
610 2 0 |a trh 
610 2 0 |a riziko 
610 2 0 |a poisťovne 
610 2 0 |a Veľká Británia 
100 1 |a Hall, Ch.E.